000 01161cam a2200349 i 4500
001 24236
003 Mx-PuUPA
005 20260408094048.0
008 140415s1962 sp gr 000 f spa d
040 _cMx-PuUPA
_aMx-PuUPA
_bspa
_dMx-PuUPA
_erda
041 0 _aspa
100 1 _aCronin, A. J.,
_q(Archibald Joseph),
_d1896-1981
_eautor
_915982
240 1 0 _aObras completas
_kSelecciones
_pA. J. Cronin
245 1 0 _aObras completas :
_bnovelas II /
_cA.J. Cronin
250 _aSegunda edición
264 1 _aBarcelona :
_bEditorial Juventud,
_c1962
300 _a1411 páginas ;
_c18 cm
336 _2rdacontent
_atexto
_btxt
337 _2rdamedia
_asin medio
_bn
338 _2rdacarrier
_avolumen
_bnc
490 0 _aClásicos y modernos
600 1 4 _aCronin, A. J.
_c(Archivald Joseph),
_d1896-1981
_xObras completas
655 7 _2armarc
_aNovela inglesa
740 0 2 _aGran canaria
740 2 2 _aLas estrellas nos miran
740 3 2 _aLa ciudadela
740 4 2 _aAños de lucha
942 _2ddc
_cLI
_h823
_iC937
999 _c24236
_d24236